000 00543nam a2200181Ia 4500
008 090123s9999 xx 000 0 und d
082 _b9483
_a891.463/शिरव
100 _aशिरवळकर सुहास
245 _aदास्तान
250 _a1
260 _bआरती प्रकाशन
_c1982
300 _a188
600 _aशिरवळकर सुहास
630 _aदास्तान
700 _aशिरवळकर सुहास
730 _aदास्तान
942 _cBOOK
999 _c47549
_d47549